书目信息 |
| 题名: |
一只狗改变了我的生活
|
|
| 作者: | 多兰 著 ;段真真 译 | |
| 分册: | ||
| 出版信息: | 北京 商务印书馆国际有限公司 2016 |
|
| 页数: | 251页, [16] 页图版 | |
| 开本: | 21cm | |
| 丛书名: | ||
| 单 册: | ||
| 中图分类: | K835.615 , K835.615.72=6 , K835.615.72 | |
| 科图分类: | ||
| 主题词: | 画家--hua jia--自传--英国--现代 | |
| 电子资源: | ||
| ISBN: | 978-7-5176-0265-1 | |
| 000 | 01684nam0 2200337 450 | |
| 001 | CAL 012016111692 | |
| 005 | 20180419094720.89 | |
| 010 | @a978-7-5176-0265-1@b@dCNY35.00 | |
| 099 | @aCAL 012016111692 | |
| 100 | @a20160928d2016 em y0chiy50 ea | |
| 101 | 1 | @achi@ceng |
| 102 | @aCN@b110000 | |
| 105 | @aaf z 000ya | |
| 106 | @ar | |
| 200 | 1 | @a一只狗改变了我的生活@Ayi zhi gou gai bian liao wo de sheng huo@f(英) 约翰·多兰著@d= John & george@ethe dog who changed my life@fJohn Dolan@zeng@g段真真译 |
| 210 | @a北京@c商务印书馆国际有限公司@d2016 | |
| 215 | @a251页, [16] 页图版@c图 (部分彩图)@d21cm | |
| 314 | @a约翰·多兰 (John Dolan),英国艺术家、慈善人士。出生于英国伦敦东部的庄园,童年饱受忽视和虐待,绘画天分也在现实生活的磨难中夭折。成年后的他生活粗糙,甚至依靠小偷小摸、街头乞讨维持生计,并因此多次入狱。但自从遇到流浪狗乔治,他的生活发生了重大改变,戒除吸毒等一切不良嗜好,并成为一名艺术家,成功举办个人画展。 | |
| 330 | @a本书讲述了一个令人难以置信的故事:一个原本生活落魄,靠乞讨和偷摸为生的流浪汉约翰·多兰,通过一只叫乔治的狗彻底改变了自己的生活,并成功举办个人画展。成名之后,约翰的家人也开始接纳他,从而使他重新获得家庭的温暖。约翰和流浪狗乔治的传奇故事温暖人心,给人以积极向上的力量。 | |
| 500 | 10 | @aJohn & george : the dog who changed my life@mChinese |
| 600 | 1 | @a多兰@ADuo Lan@g(Dolan, John)@x自传 |
| 606 | 0 | @a画家@Ahua jia@x自传@y英国@z现代 |
| 690 | @aK835.615@v5 | |
| 690 | @aK835.615.72=6@v5 | |
| 690 | @aK835.615.72@v4 | |
| 701 | 1 | @a多兰@Aduo lan@g(Dolan, John)@4著 |
| 702 | 0 | @a段真真@Aduan zhen zhen@4译 |
| 801 | 0 | @aCN@bOUQD@c20160927@g |
| 905 | @aBZT@dK835.615.72@e1 | |
| 906 | @dCNY35.00@n5@r1 | |
| 920 | @a237020@z1 | |
| 一只狗改变了我的生活/(英) 约翰·多兰著= John & george:the dog who changed my life/John Dolan/段真真译.-北京:商务印书馆国际有限公司,2016 |
| 251页, [16] 页图版:图 (部分彩图);21cm |
| ISBN 978-7-5176-0265-1:CNY35.00 |
| 本书讲述了一个令人难以置信的故事:一个原本生活落魄,靠乞讨和偷摸为生的流浪汉约翰·多兰,通过一只叫乔治的狗彻底改变了自己的生活,并成功举办个人画展。成名之后,约翰的家人也开始接纳他,从而使他重新获得家庭的温暖。约翰和流浪狗乔治的传奇故事温暖人心,给人以积极向上的力量。 |
| ● |
| 相关链接 |
|
|
|
正题名:一只狗改变了我的生活
索取号:K835.615.72/1
 
预约/预借
| 序号 | 登录号 | 条形码 | 馆藏地/架位号 | 状态 | 备注 |
| 1 | 847692 | 2000847692 | 第二书库/ [索取号:K835.615.72/1] | 在馆 | |
| 2 | 847693 | 2000847693 | 第二书库/ [索取号:K835.615.72/1] | 在馆 | |
| 3 | 847694 | 2000847694 | 第二书库/ [索取号:K835.615.72/1] | 在馆 |